000 00963cam a22003014a 4500
005 20260322212016.0
008 data
010 _a 2004028685
020 _a0374292884 (hardcover : alk. paper)
020 _a9780374292881 (hardcover : alk. paper)
040 _aDLC
_cDLC
_dCtY
_dCtY
042 _apcc
050 0 0 _aHM846
_b.F74 2005
092 _a303.48 F74 2005
100 1 _aFriedman, Thomas L.
245 1 4 _aThe world is flat :
_ba brief history of the twenty-first century /
_cThomas L. Friedman.
250 _a1st ed.
260 _aNew York :
_bFarrar, Straus and Giroux,
_c2005.
300 _aviii, 488 p. ;
_c24 cm.
500 _aIncludes index.
590 _aIncludes index.
650 0 _aDiffusion of innovations.
650 0 _aInformation society.
650 0 _aGlobalization
_xEconomic aspects.
650 0 _aGlobalization
_xSocial aspects.
856 4 1 _3Table of contents
_uhttp://www.loc.gov/catdir/toc/ecip054/2004028685.html
001 data
999 _c341
_d341